000 00656nam a2200181Ia 4500
008 151018s9999 xx 000 0 und d
082 _bRBASDV1501
_a891.433
100 _aजगदीश जैन
245 _aनयी हिंदुस्थानी पहली किताब
250 _b6
260 _bओरिएंटल बुक्स
300 _a59
600 _aजगदीश जैन
630 _aनयी हिंदुस्थानी पहली किताब
700 _aजगदीश जैन
730 _aनयी हिंदुस्थानी पहली किताब
942 _cBOOK
999 _c1003930
_d1003927